| 000 | 01200cac a2200361 i 4500 | ||
|---|---|---|---|
| 003 | EG-GICUC | ||
| 005 | 20260121101209.0 | ||
| 008 | 251111s1993 enk frb 001 0 eng d | ||
| 020 | _a0421502304 ( Supplement) | ||
| 020 | _a0421410302 (Main Work) | ||
| 020 | _a9780421410305 | ||
| 040 |
_aDLC _cDLC _dDLC _beng _erda |
||
| 043 | _ae-uk--- | ||
| 050 | 0 | 0 |
_aKD4902 _b.L49 1992 |
| 082 | 0 | 0 |
_a345.693 _221 |
| 092 | 0 | 4 | _221 |
| 099 | _aLaw 07 1993 | ||
| 100 | 1 |
_aLewis, Clive, _d1960- |
|
| 245 | 1 | 0 |
_aJudicial remedies in public law : _bFirst Supplement / _cby Clive Lewis ; with a foreword by Lord Justice Mann. |
| 264 |
_aLondon : _bSweet & Maxwell, _c1993. |
||
| 300 |
_axciv, 516 page ; _c26 cm. |
||
| 336 |
_atext _btxt _2rdacontent |
||
| 337 |
_aunmediated _bn _2rdamedia |
||
| 338 |
_avolume _bnc _2rdacarrier |
||
| 440 | 0 | _aLitigation library | |
| 500 | _aUp to date to September 1,1993 | ||
| 504 | _aIncludes bibliographical references and index. | ||
| 650 | 0 |
_aJudicial review of administrative acts _zGreat Britain. |
|
| 650 | 0 |
_aRemedies (Law) _zGreat Britain. |
|
| 856 | 4 | 0 | _uhttps://fll.law.cu.edu.eg/fulltext/bks/ENGB07-00062.pdf |
| 905 | _a10 | ||
| 942 |
_2ddc _cBK _e21 _n0 |
||
| 999 |
_c42522 _d42522 |
||